Technické požiadavky na výrobky a posudzovanie zhody

Charakteristika základných termínov a pojmov v oblasti posudzovania zhody, certifikácie a požiadaviek na výrobok. Podrobnejšia špecifikácia podmienok a požiadaviek procesov posudzovania zhody pre stavebné materiály a chemické výrobky.

Uložené v:
Podrobná bibliografia
Hlavný autor: Bocanová, Mária
Médium: Kapitola
Jazyk:Slovak
Predmet:
Tagy: Pridať tag
Žiadne tagy, Buďte prvý, kto otaguje tento záznam!

MARC

LEADER 00000naa$a2200000$$$4500
001 0088426
005 20240502072006.5
041 0 |a slo 
044 |a SK 
245 1 0 |a Technické požiadavky na výrobky a posudzovanie zhody  |c Mária Bocanová 
520 |a Charakteristika základných termínov a pojmov v oblasti posudzovania zhody, certifikácie a požiadaviek na výrobok. Podrobnejšia špecifikácia podmienok a požiadaviek procesov posudzovania zhody pre stavebné materiály a chemické výrobky. 
610 2 0 |a skúšobníctvo štátne 
610 2 0 |a certifikácia 
610 2 0 |a výrobky stavebné 
610 2 0 |a výrobky chemické 
610 2 0 |a pojmy 
610 2 0 |a normy technické 
100 1 |a Bocanová, Mária